000 01683cam a22002655a 4500
001 152647
008 110408s2011 xxk f 000 0 eng d
020 _a9781907624322
035 _a(Sirsi) u152647
041 0 _aeng
100 1 _aRodell, Anne
245 0 0 _aCommercial property
_h[electronic resource]
250 _anew ed.
260 _aLondon:
_bCollege of Law
_c2011
300 _aeBook
505 2 _aPart I Site acquisitions -- 1 The commercial context -- 2 Obtaining property finance -- 3 Matters of contract -- 4 Planning control -- 5 Planning obligations -- 6 Enforcement of planning control -- 7 Environmental issues -- 8 Searches and enquiries -- 9 Construction projects -- 10 An outline of taxation of commercial properties -- Part II Commercial leases -- 11 Landlord and tenant law -- 12 Agreements for lease -- 13 Lease drafting -- 15 The parcels clause -- 16 Term -- 18 The rent review clause -- 19 Repair -- 20 Alienation -- 21 User -- 22 Alterations -- 23 THe landlord's covenant for quiet enjoyment -- 24 Insurance -- 25 Forfeiture -- 26 Lease of part -- 27 Selling the lease -- 28 Underleases -- 29 Remedies for breach of covenant -- 30 Methods of termination -- 31 The landlord and tenant act 1954, part II -- Part III Property and insolvency -- 32 Insolvency and its effect on commercial property
590 _aka
650 2 4 _aEBOOK
651 4 _aENGLAND AND WALES
690 _aPROPERTY-COMMERCIAL PROPERTY-COMMERCIAL PROPERTY MARKET
700 1 _aDuckworth, Neil
700 1 _aButt, Paul
856 4 0 _uhttps://www.vlebooks.com/
_zView on VLEbooks. Logins for members only from [email protected]
942 _n0
999 _c112141
_d112141